000 00545nam a2200169 i 4500
001 95244
003 ES-MaACL
005 20230906181649.0
007 t|
008 050525s1910 fr ||||1| fre d
100 1 _aLuzzatti, Luigi.
_974919
245 1 0 _aLibertè de concience et libertè de science /
_cétudy d'histoire constitunionelle par Luigi Luzzatti; traduit par J. Chamard...
260 _aParis :
_b[s.n.],
_c1910 (
_fImp. Bussión)
300 _a3 h., 453 p. ;
_c22 cm.
700 1 _aChamard, J.
_937841
852 _aES-MaACL
_jF-11835
999 _c95244
_d95244